Európa proti jednorazovým plastom

Európska komisia navrhuje nové pravidlá, zamerané na desať druhov jednorazových plastových výrobkov, ktoré sa najčastejšie vyskytujú na európskych plážach a v priľahlých moriach. Na rôzne výrobky sa budú uplatňovať rôzne opatrenia. Členské štáty teda budú musieť znížiť spotrebu plastov a navrhnúť pr...

Ausführliche Beschreibung

Gespeichert in:
Bibliographische Detailangaben
Format: Buchkapitel
Sprache:Slowakisch
Schlagworte:
Tags: Tag hinzufügen
Keine Tags, Fügen Sie das erste Tag hinzu!

MARC

LEADER 00000naa a2200000 4500
001 0257016
005 20190711083353.1
041 0 |a slo 
044 |a SK 
245 1 0 |a Európa proti jednorazovým plastom 
520 |a Európska komisia navrhuje nové pravidlá, zamerané na desať druhov jednorazových plastových výrobkov, ktoré sa najčastejšie vyskytujú na európskych plážach a v priľahlých moriach. Na rôzne výrobky sa budú uplatňovať rôzne opatrenia. Členské štáty teda budú musieť znížiť spotrebu plastov a navrhnúť prípadné alternatívy. 
610 2 0 |a plasty 
610 2 0 |a legislatíva 
610 2 0 |a prostredie životné 
610 2 0 |a recyklácia odpadu